Memòria 2007 [Enregistrament de vídeo] : TV i ràdio / disseny i realització: equip del CDMT TV i ràdio / disseny i realització:
Publicado:
Terrassa :
Centre de Documentació i Museu Tèxtil de Terrassa, Ajuntament de Terrassa, Diputació de Barcelona ,
2008
Descripción Física:
1 disc òptic (DVD) 42 min : so
MARC
| LEADER | 00000ngm a2200000Ia 4500 | ||
|---|---|---|---|
| 001 | 21716 | ||
| 007 | co aa aaaaa | ||
| 008 | 160829s2008 xx 000 0 cat d | ||
| 080 | |a CD-1-149 | ||
| 245 | |a Memòria 2007 [Enregistrament de vídeo] : |b TV i ràdio / disseny i realització: |b equip del CDMT | ||
| 260 | |a Terrassa : |b Centre de Documentació i Museu Tèxtil de Terrassa, Ajuntament de Terrassa, Diputació de Barcelona, |c 2008 | ||
| 300 | |a 1 disc òptic (DVD) 42 min : |b so | ||
| 650 | |a Radiodifusió |x Programes |x Terrassa |9 45788 | ||
| 650 | |a Televisió |x Programes |x Terrassa |9 45789 | ||
| 655 | 0 | |9 54986 |a DVD | |
| 710 | 1 | |a Terrassa (Catalunya). |b Ajuntament |9 51450 | |
| 710 | 1 | |a Barcelona (Catalunya : Província). |b Diputació |9 52408 | |
| 710 | 2 | |a Centre de Documentació i Museu Tèxtil (Terrassa, Catalunya) |9 54995 | |
| 901 | |a Arxiu | ||
| 942 | |n 1 |2 udc | ||
| 952 | |0 0 |1 0 |4 0 |6 CD1149 |7 1 |9 52806 |a Arxiu |b Arxiu |d 2016-12-01 |l 0 |o CD-1-149 |p 21716 |r 2016-12-01 00:00:00 |w 2016-12-01 |y ARXIU | ||
| 999 | |c 56655 |d 56655 | ||